BIM (Record no. 114763)
[ view plain ]
| 000 -LEADER | |
|---|---|
| fixed length control field | 01124cad a22002295a 4500 |
| 001 - CONTROL NUMBER | |
| control field | L157418 |
| 008 - FIXED-LENGTH DATA ELEMENTS--GENERAL INFORMATION | |
| fixed length control field | 121129s2012 xxk f 000 0 eng d |
| 035 ## - SYSTEM CONTROL NUMBER | |
| System control number | (Sirsi) u157418 |
| 041 0# - LANGUAGE CODE | |
| Language code of text/sound track or separate title | eng |
| 110 2# - MAIN ENTRY--CORPORATE NAME | |
| Corporate name or jurisdiction name as entry element | Clifford Chance LLP |
| 245 00 - TITLE STATEMENT | |
| Title | BIM |
| Remainder of title | coming to a project near you |
| Medium | [electronic resource] |
| 260 ## - PUBLICATION, DISTRIBUTION, ETC. | |
| Place of publication, distribution, etc. | London |
| Name of publisher, distributor, etc. | Clifford Chance LLP |
| Date of publication, distribution, etc. | 2012 |
| 490 #0 - SERIES STATEMENT | |
| Series statement | Clifford Chance Briefing note |
| Volume/sequential designation | November 2012 |
| 520 ## - SUMMARY, ETC. | |
| Summary, etc. | Examines whether BIM really will have the type of far-reaching implications that many commentators have suggested, focussing on the impact (if any) of BIM on collaboration/construction procurement routes; new professional disciplines: the BIM Model Manager; design liability/PI insurance; intellectual property/copyright; and confidentiality. |
| 590 ## - LOCAL NOTE (RLIN) | |
| Local note | KA NTK |
| 650 24 - SUBJECT ADDED ENTRY--TOPICAL TERM | |
| Topical term or geographic name entry element | BUILDING INFORMATION MODELLING |
| 650 24 - SUBJECT ADDED ENTRY--TOPICAL TERM | |
| Topical term or geographic name entry element | BIM |
| 9 (RLIN) | 6219 |
| 651 #4 - SUBJECT ADDED ENTRY--GEOGRAPHIC NAME | |
| Geographic name | United Kingdom |
| Chronological subdivision | |
| 690 ## - LOCAL SUBJECT ADDED ENTRY--TOPICAL TERM (OCLC, RLIN) | |
| Topical term or geographic name as entry element | BIM |
| 9 (RLIN) | 6219 |
| 856 40 - ELECTRONIC LOCATION AND ACCESS | |
| Uniform Resource Identifier | <a href="https://www.cliffordchance.com/publicationviews/publications/2012/11/bim_coming_to_a_projectnearyou.html">https://www.cliffordchance.com/publicationviews/publications/2012/11/bim_coming_to_a_projectnearyou.html</a> |
| Public note | Download the briefing note free of charge at www.cliffordchance.com |
| 942 ## - ADDED ENTRY ELEMENTS (KOHA) | |
| Suppress in OPAC | 0 |
| Withdrawn status | Lost status | Source of classification or shelving scheme | Damaged status | Not for loan | Home library | Current library | Shelving location | Date acquired | Total Checkouts | Full call number | Barcode | Date last seen | Copy number | Price effective from | Koha item type |
|---|---|---|---|---|---|---|---|---|---|---|---|---|---|---|---|
| Dewey Decimal Classification | Virtual | Virtual | Online | 29/11/2012 | ONLINE PUBLICATION | 157418-2001 | 06/08/2019 | 1 | 06/08/2019 | Book |